Central Library OPAC University of Rajshahi

Letters of James Joyce / (Record no. 22264)

MARC details
000 -LEADER
fixed length control field 00769cam a2200277 a 4500
001 - CONTROL NUMBER
control field 22264
003 - CONTROL NUMBER IDENTIFIER
rucl marc code BD-RjUL
005 - DATE AND TIME OF LATEST TRANSACTION
control field 20211209000803.0
008 - FIXED-LENGTH DATA ELEMENTS--GENERAL INFORMATION
fixed length control field 140308s1957 enkc 001 0deng d
035 ## - SYSTEM CONTROL NUMBER
System control number (OCoLC)3391290
System control number (OCoLC)ocm03391290
System control number (CStRLIN)NYCG85-B5652
System control number (BD-RjUL)22329
System control number (NNC)353486
040 ## - CATALOGING SOURCE
Original cataloging agency NNC
Transcribing agency NNC
Language of cataloging eng
Modifying agency BD-RjUL
041 ## - LANGUAGE CODE
Language code of text/sound track or separate title eng
082 00 - DEWEY DECIMAL CLASSIFICATION NUMBER
Classification number 826
Author mark and year JOL 1957
100 1# - MAIN ENTRY--PERSONAL NAME
Personal name Joyce, James,
Dates associated with a name 1882-1941.
9 (RLIN) 68731
245 10 - TITLE STATEMENT
Title Letters of James Joyce /
Statement of responsibility, etc. edited by Stuart Gilbert.
260 ## - PUBLICATION, DISTRIBUTION, ETC. (IMPRINT)
Place of publication, distribution, etc. London :
Name of publisher, distributor, etc. Faber and Faber,
Date of publication, distribution, etc. 1957.
300 ## - PHYSICAL DESCRIPTION
Pagination 437 p. :
Illustrations port. ;
Size 25 cm.
504 ## - BIBLIOGRAPHY, ETC. NOTE
Bibliography, etc Includes index.
600 #0 - SUBJECT ADDED ENTRY--PERSONAL NAME
Personal name Joyce, James,
700 1# - ADDED ENTRY--PERSONAL NAME
Personal name Gilbert, Stuart.
942 ## - ADDED ENTRY ELEMENTS (KOHA)
Source of classification or shelving scheme Dewey Decimal Classification
Koha item type Books
Holdings
Lost status Source of classification or shelving scheme Damaged status Not for loan Collection code Permanent Location Current Location Shelving location Date acquired Source of acquisition Cost, normal purchase price Total Checkouts Full call number Date last seen Copy number Koha item type
  Dewey Decimal Classification   Added to bundle Non-fiction Central Library, University of Rajshahi Central Library, University of Rajshahi Reading Room 09/04/1964 Zeitlinger 42.00   826 JOL 1957 08/03/2014 C-1 Books